Preámbulo / (Registro nro. 13739)

Detalles MARC
000 -LEADER
fixed length control field 00649nam a2200229 a 4500
001 - CONTROL NUMBER
control field
003 - CONTROL NUMBER IDENTIFIER
control field DO-SdBNP
005 - DATE AND TIME OF LATEST TRANSACTION
control field 20210928110411.0
008 - FIXED-LENGTH DATA ELEMENTS--GENERAL INFORMATION
fixed length control field 091013s1988 dr a 000 p spa d
040 ## - CATALOGING SOURCE
Original cataloging agency DO-SdBNP
Language of cataloging spa
Transcribing agency BPMSU
082 ## - DEWEY DECIMAL CLASSIFICATION NUMBER
Classification number RD861.44
Item number U75p 1988
Edition number 22
100 1# - MAIN ENTRY--PERSONAL NAME
Personal name Ureña, Dulce
245 10 - TITLE STATEMENT
Title Preámbulo /
Statement of responsibility, etc. Dulce Ureña.
260 ## - PUBLICATION, DISTRIBUTION, ETC. (IMPRINT)
Place of publication, distribution, etc. Santo Domingo :
Name of publisher, distributor, etc. Lozano,
Date of publication, distribution, etc. 1988.
300 ## - PHYSICAL DESCRIPTION
Extent 85 p. :
Other physical details il. ;
Dimensions 21 cm.
500 ## - GENERAL NOTE
General note Incluye datos biográficos de la autora en la contracubierta
590 ## - LOCAL NOTE (RLIN)
Local note Inventariado, 2021/VM
650 #4 - SUBJECT ADDED ENTRY--TOPICAL TERM
Topical term or geographic name as entry element Poesía dominicana
650 #4 - SUBJECT ADDED ENTRY--TOPICAL TERM
Topical term or geographic name as entry element Literatura dominicana.
910 ## - USER-OPTION DATA (OCLC)
User-option data VMateo
942 ## - ADDED ENTRY ELEMENTS (KOHA)
Source of classification or shelving scheme Dewey Decimal Classification
Koha item type Libros
Existencias
Withdrawn status Lost status Source of classification or shelving scheme Damaged status Not for loan Collection code Home library Current library Date acquired Total Checkouts Full call number Barcode Date last seen Price effective from Koha item type
    Dewey Decimal Classification     Colección Dominicana Biblioteca Pública Metropolitana Salomé Ureña Biblioteca Pública Metropolitana Salomé Ureña 09/28/2021   BPMSU CD RD861.44 U75p 1988 BPMSU21090085 09/28/2021 09/28/2021 Libros
    Dewey Decimal Classification     Colección Dominicana Biblioteca Pública Metropolitana Salomé Ureña Biblioteca Pública Metropolitana Salomé Ureña 09/28/2021   BPMSU CD RD861.44 U75p 1988 BPMSU26030065 03/24/2026 09/28/2021 Libros